|
|
|
|
| LEADER |
00000nab a2200000 a 4500 |
| 001 |
vtls000197517 |
| 003 |
SK-MaSNL |
| 005 |
20260302204858.0 |
| 008 |
111106c1984 xo 0 slo |
| 015 |
|
|
|a SNBRB19rr/mm-uuuuu
|
| 035 |
|
|
|a CL0207630
|
| 040 |
|
|
|a SNKBUCL
|b slo
|c SNKBUCL
|e AACR2
|
| 041 |
0 |
|
|a slo
|
| 044 |
|
|
|a xo
|c SK
|
| 080 |
|
|
|a 885.4-84
|2 1981
|
| 100 |
1 |
|
|a Gregor, Peter,
|d 1944-2014
|4 aut
|9 157718
|
| 245 |
1 |
0 |
|a Etudy
|c Peter Gregor
|
| 650 |
0 |
7 |
|a sentencie
|2 snkbucl
|9 291520
|
| 650 |
0 |
7 |
|a aforizmy
|2 snkbucl
|9 75179
|
| 655 |
|
7 |
|a články z novín a časopisov
|2 snkbucl
|9 267496
|
| 655 |
|
7 |
|a články z odboru literárna veda a krásna literatúra
|2 snkbucl
|9 770045
|
| 773 |
0 |
|
|t Roháč
|g Roč. 37, č. 42 (1984), s. 6
|
| 850 |
|
|
|a Slovenská národná knižnica v Martine
|a MTA001
|
| 852 |
|
|
|a SNK
|b KIS3GCP
|
| 958 |
|
|
|a RK
|
| 958 |
|
|
|a LX
|
| 992 |
|
|
|a RBX
|
| 999 |
|
|
|c 1475430
|d 1477360
|